<?xml version="1.0" encoding="UTF-8"?>
<record
    xmlns:xsi="http://www.w3.org/2001/XMLSchema-instance"
    xsi:schemaLocation="http://www.loc.gov/MARC21/slim http://www.loc.gov/standards/marcxml/schema/MARC21slim.xsd"
    xmlns="http://www.loc.gov/MARC21/slim">

  <leader>00923na  a2200265   4500</leader>
  <controlfield tag="001">18792</controlfield>
  <controlfield tag="003">MIRAKIL</controlfield>
  <controlfield tag="005">20181213155046.0</controlfield>
  <controlfield tag="008">161127b        tu            000 0      </controlfield>
  <datafield tag="020" ind1=" " ind2=" ">
    <subfield code="a">9789751952837</subfield>
  </datafield>
  <datafield tag="040" ind1=" " ind2=" ">
    <subfield code="a">Milas</subfield>
    <subfield code="b">tur</subfield>
    <subfield code="c">TR-AnCHP</subfield>
  </datafield>
  <datafield tag="041" ind1=" " ind2=" ">
    <subfield code="a">tur</subfield>
  </datafield>
  <datafield tag="082" ind1=" " ind2=" ">
    <subfield code="a">379.118 </subfield>
    <subfield code="b">&#x130;49y 2012</subfield>
  </datafield>
  <datafield tag="090" ind1=" " ind2=" ">
    <subfield code="a">379.118 &#x130;49y 2012</subfield>
  </datafield>
  <datafield tag="100" ind1=" " ind2=" ">
    <subfield code="a">&#x130;lyas, &#x130;brahim Emre</subfield>
  </datafield>
  <datafield tag="245" ind1=" " ind2=" ">
    <subfield code="a">Y&#xFC;ksek&#xF6;&#x11F;retim finansman&#x131; :</subfield>
    <subfield code="b">T&#xFC;rkiye i&#xE7;in model &#xF6;nerisi</subfield>
    <subfield code="b">Uzmanl&#x131;k tezi</subfield>
    <subfield code="c">&#x130;brahim Emre &#x130;lyas</subfield>
  </datafield>
  <datafield tag="246" ind1=" " ind2=" ">
    <subfield code="a">T&#xFC;rkiye i&#xE7;in model &#xF6;nerisi</subfield>
    <subfield code="b">Uzmanl&#x131;k tezi</subfield>
  </datafield>
  <datafield tag="260" ind1=" " ind2=" ">
    <subfield code="a">Ankara</subfield>
    <subfield code="b">T.C. Kalk&#x131;nma Bakanl&#x131;&#x11F;&#x131;,</subfield>
    <subfield code="c">2012</subfield>
  </datafield>
  <datafield tag="300" ind1=" " ind2=" ">
    <subfield code="a">224 s.</subfield>
    <subfield code="b">grf.,tbl.;</subfield>
    <subfield code="c">24 sm.</subfield>
  </datafield>
  <datafield tag="490" ind1=" " ind2=" ">
    <subfield code="a">T.C Kalk&#x131;nma Bakanl&#x131;&#x11F;&#x131; </subfield>
    <subfield code="v">yay&#x131;n no: 2338</subfield>
  </datafield>
  <datafield tag="500" ind1=" " ind2=" ">
    <subfield code="a">Uzmanl&#x131;k tezi olarak sunulmu&#x15F;tur</subfield>
    <subfield code="3">Metin T&#xFC;rk&#xE7;e; &#x130;ngilizce &#xF6;zet vard&#x131;r</subfield>
  </datafield>
  <datafield tag="504" ind1=" " ind2=" ">
    <subfield code="a">Kaynak&#xE7;a ve dizin var.</subfield>
  </datafield>
  <datafield tag="650" ind1=" " ind2=" ">
    <subfield code="a">E&#x11F;itim finansman&#x131;</subfield>
    <subfield code="x">y&#xFC;ksek&#xF6;&#x11F;retim</subfield>
  </datafield>
  <datafield tag="942" ind1=" " ind2=" ">
    <subfield code="2">ddc</subfield>
    <subfield code="c">BKS</subfield>
  </datafield>
  <datafield tag="952" ind1=" " ind2=" ">
    <subfield code="a">0001</subfield>
    <subfield code="b">0001</subfield>
    <subfield code="d">2016-11-27</subfield>
    <subfield code="e">2</subfield>
    <subfield code="l">0</subfield>
    <subfield code="o">379.118 &#x130;49y 2012</subfield>
    <subfield code="p">010074</subfield>
    <subfield code="r">2016-11-27 00:00:00</subfield>
    <subfield code="v">0.00</subfield>
    <subfield code="w">2016-11-27</subfield>
    <subfield code="y">BKS</subfield>
  </datafield>
  <datafield tag="999" ind1=" " ind2=" ">
    <subfield code="c">5755</subfield>
    <subfield code="d">5755</subfield>
  </datafield>
</record>
